| 000 | 00554nam a22001932 4500 | ||
|---|---|---|---|
| 001 | 0000003575 | ||
| 005 | 20151217155823.0 | ||
| 008 | 070510s xx 000 0 eng d | ||
| 040 |
_aKABU _cKABU |
||
| 050 | 0 |
_aLB1139.23 _b.S77 |
|
| 245 | 1 | 0 |
_aStrong foundations : _bearly childhood care and education; summary. |
| 260 |
_aParis : _bUNESCO, _c2006. |
||
| 300 | _a40 p. | ||
| 500 | _awith CD-ROM. | ||
| 650 | 0 |
_aEarly childhood education. _@0000153583 |
|
| 908 | _a070510 | ||
| 950 | _@1 | ||
| 999 |
_c12880 _d12880 |
||